| 000 | 00663nam a2200217Ia 4500 | ||
|---|---|---|---|
| 005 | 20241129104338.0 | ||
| 008 | 241129s9999||||xx |||||||||||||| ||und|| | ||
| 020 | _a199488843 | ||
| 037 | _aTextual | ||
| 040 |
_aRTL _beng _cRTL |
||
| 041 |
_aeng _2eng |
||
| 084 |
_aY4582.2 Q9 _qRTL |
||
| 100 |
_aMaheshwari Malvika _9725908 |
||
| 245 | 0 |
_aArt attacks: Violence and offence-taking in India _cMaheshwari Malvika |
|
| 260 |
_aNew Delhi _bOxford University Press _c2019 |
||
| 300 | _axii,372p. | ||
| 365 |
_aINR _b1195 |
||
| 650 |
_aCultural Conflicts and Responses in India _9725909 |
||
| 942 |
_cTB _hY4582.2 Q9 |
||
| 999 |
_c1225495 _d1225495 |
||